| 000 | 01534cam a2200409Ii 4500 | ||
|---|---|---|---|
| 001 | 9781003052616 | ||
| 003 | FlBoTFG | ||
| 005 | 20230913142718.0 | ||
| 006 | m o d | ||
| 007 | cr cnu---unuuu | ||
| 008 | 211007s2021 enka o 000 0 eng d | ||
| 040 |
_aOCoLC-P _beng _erda _epn _cOCoLC-P |
||
| 020 |
_a9781003052616 _q(electronic bk.) |
||
| 020 |
_a1003052614 _q(electronic bk.) |
||
| 020 |
_a9781000459371 _q(electronic bk. : EPUB) |
||
| 020 |
_a1000459373 _q(electronic bk. : EPUB) |
||
| 020 |
_a9781000459333 _q(electronic bk. : PDF) |
||
| 020 |
_a1000459330 _q(electronic bk. : PDF) |
||
| 020 | _z9780367511470 | ||
| 020 | _z0367511479 | ||
| 020 | _z9780367511494 | ||
| 020 | _z0367511495 | ||
| 035 | _a(OCoLC)1273726827 | ||
| 035 | _a(OCoLC-P)1273726827 | ||
| 082 | 0 | 4 |
_a658.4/78 _223 |
| 100 | 1 |
_aEvans, Ariel, _eauthor. |
|
| 245 | 1 | 0 |
_aEnterprise cybersecurity in digital business : _bbuilding a cyber resilient organization / _cAriel Evans. |
| 264 | 1 |
_aLondon : _bRoutledge, _c2021. |
|
| 300 |
_a1 online resource : _billustrations |
||
| 336 |
_atext _2rdacontent |
||
| 337 |
_acomputer _2rdamedia |
||
| 338 |
_aonline resource _2rdacarrier |
||
| 588 | _aOCLC-licensed vendor bibliographic record. | ||
| 650 | 0 |
_aBusiness enterprises _xComputer networks _xSecurity measures. |
|
| 650 | 0 |
_aComputer crimes _xPrevention. |
|
| 856 | 4 | 0 |
_uhttps://ezproxy.taylors.edu.my/login?url=https://www.taylorfrancis.com/books/9781003052616 _zAn electronic book accessible through the World Wide Web; click to view |
| 999 | _c190012 | ||